Taitiriyopanishada Bhashyartha (Record no. 350976)

MARC details
000 -LEADER
fixed length control field 003980000a22001690004500
005 - DATE AND TIME OF LATEST TRANSACTION
control field 20120302060349.0
040 ## - CATALOGING SOURCE
Original cataloging agency S.M
245 ## - TITLE STATEMENT
Title Taitiriyopanishada Bhashyartha
260 ## - PUBLICATION, DISTRIBUTION, ETC. (IMPRINT)
Place of publication, distribution, etc Pune:Vi.Vaa.Baapat,1914.
300 ## - PHYSICAL DESCRIPTION
Extent 202p.
365 ## - TRADE PRICE
Price amount 1/-
490 ## - SERIES STATEMENT
Series statement Brahmavidya Granthmaalaa
650 ## - SUBJECT ADDED ENTRY--TOPICAL TERM
Topical term or geographic name as entry element Tatvadnyan
650 ## - SUBJECT ADDED ENTRY--TOPICAL TERM
Topical term or geographic name as entry element Upnishada-Tatvadnyan
650 ## - SUBJECT ADDED ENTRY--TOPICAL TERM
Topical term or geographic name as entry element Taitiriyopanishada
942 ## - ADDED ENTRY ELEMENTS (KOHA)
Koha item type Book
Holdings
Withdrawn status Lost status Damaged status Not for loan Home library Current library Date acquired Total Checkouts Barcode Date last seen Price effective from
        Institute For Oriental Study, Thane Institute For Oriental Study, Thane 12/02/2009   IOS-1082 12/02/2009 12/02/2009